000
00219nam a2200097Ia 4500
008
190216s9999||||xx |||||||||||||| ||und||
100
_a
Set J M I
245
0
_a
Kambani Baranam
260
_b
Kerala Basha Inst
942
_c
BK
999
_c
37810
_d
37810